[Event "Titled Tuesday 2023.04.11 Late"]
[Site "chess.com INT"]
[Date "2023.04.11"]
[Round "2"]
[White "Micic, Aleksa"]
[Black "Hambleton, Aman"]
[Result "0-1"]
[WhiteElo "2235"]
[BlackElo "2420"]
[PlyCount "92"]
[EventDate "2023.04.11"]
[EventType "swiss (blitz)"]
[EventRounds "11"]
[EventCountry "NET"]
[Source "Mark Crowther"]
[SourceDate "2023.04.17"]

1. e4 b6 2. d4 Bb7 3. Nc3 e6 4. a3 g6 5. Nf3 Bg7 6. Bd3 d6 7. O-O h6 8. Re1 Nd7
9. Be3 a6 10. Qd2 g5 11. h3 Ne7 12. Ne2 O-O 13. Ng3 f5 14. exf5 Nxf5 15. Be4
Bxe4 16. Nxe4 Nf6 17. Nxf6+ Qxf6 18. Qe2 b5 19. a4 c6 20. axb5 axb5 21. c3 Rfe8
22. Qd3 Qg6 23. Qe4 d5 24. Qg4 Bf6 25. Ne5 Bxe5 26. dxe5 Nxe3 27. fxe3 Qf5 28.
Qxf5 exf5 29. Rxa8 Rxa8 30. Rf1 Rf8 31. e6 Rf6 32. e7 Kf7 33. e8=Q+ Kxe8 34. g4
Ke7 35. gxf5 Kd6 36. Kg2 Ke5 37. Kg3 Rxf5 38. Rd1 h5 39. Rd4 Rf7 40. h4 g4 41.
Rd2 Rf3+ 42. Kg2 Rxe3 43. Rd4 Rh3 44. Rd2 Rxh4 45. Kg3 Rh3+ 46. Kg2 Kd6 0-1

[Event "Titled Tuesday 2023.03.14 Early"]
[Site "chess.com INT"]
[Date "2023.03.14"]
[Round "6"]
[White "Jeet, J."]
[Black "Hambleton, Aman"]
[Result "0-1"]
[WhiteElo "2246"]
[BlackElo "2420"]
[PlyCount "262"]
[EventDate "2023.03.14"]
[EventType "swiss (blitz)"]
[EventRounds "11"]
[EventCountry "NET"]
[Source "Mark Crowther"]
[SourceDate "2023.03.20"]

1. Nf3 d5 2. b3 c6 3. Bb2 Bf5 4. e3 e6 5. d4 Nf6 6. Bd3 Bd6 7. O-O Nbd7 8. c4
Qb8 9. Nc3 O-O 10. h3 Ne4 11. Bxe4 dxe4 12. Nd2 Nf6 13. Qc2 Bb4 14. a3 Bxc3 15.
Bxc3 h6 16. b4 Re8 17. a4 Qd6 18. Qb3 Nd7 19. Qc2 e5 20. c5 Qg6 21. Kh2 exd4
22. Bxd4 Ne5 23. Bxe5 Rxe5 24. Nc4 Rd5 25. Nd6 b6 26. Rfd1 Be6 27. Qxe4 Rxd6
28. Qxg6 Rxd1 29. Qxe6 Rxa1 30. Qxc6 Rf8 31. cxb6 axb6 32. e4 Ra2 33. f4 Ra3
34. e5 Rb8 35. f5 Kh8 36. Qc7 Rf8 37. f6 gxf6 38. exf6 Rg8 39. Qf4 Rg6 40. h4
Ra2 41. Qf3 Rxa4 42. h5 Rg5 43. Qb3 Rxh5+ 44. Kg3 Rg5+ 45. Kh4 Ra7 46. Qe3 Ra8
47. Qe7 Kg8 48. g4 Rf8 49. Qe3 b5 50. Qe4 Rd8 51. Qe7 Rf8 52. Qd7 Rg6 53. Qd6
Re8 54. Qc6 Re6 55. Qxb5 Rexf6 56. Qb8+ Kg7 57. b5 Rb6 58. Qe5+ Kg8 59. Qe8+
Kg7 60. Qe5+ Kh7 61. Qe8 Rbf6 62. Kh3 Rf3+ 63. Kh4 Rf4 64. Kh3 Rf3+ 65. Kh4 Rf1
66. Qe4 Kg7 67. Qd4+ Rgf6 68. b6 Rb1 69. b7 Rxb7 70. Qe5 Rbb6 71. Qd4 Rbd6 72.
Qe5 Rde6 73. Qb2 Re4 74. Qc3 Ref4 75. Qb2 Rf2 76. Qc3 R2f3 77. Qd4 Kg8 78. Qd8+
Kh7 79. Qd4 R3f4 80. Qe5 Rf1 81. Qe4+ Rg6 82. Qd4 Rf3 83. Qe4 Rf2 84. Qd4 Rff6
85. Qe4 Rd6 86. Kh5 Kg7 87. Kh4 Rde6 88. Qd4+ Kg8 89. Qd8+ Kh7 90. Qd4 Rg5 91.
Qf4 Kg7 92. Qd4+ Kg8 93. Qd8+ Kh7 94. Qd7 Rf6 95. Qd3+ Rfg6 96. Kh3 Rxg4 97.
Qd7 Rg3+ 98. Kh2 Kg7 99. Qd4+ Kg8 100. Qd8+ Kh7 101. Qd7 Rg7 102. Qd6 R3g6 103.
Qd3 Rg8 104. Qc4 Kg7 105. Qd4+ Kh7 106. Qd3 Re8 107. Qf5 Kg7 108. Qd3 Re5 109.
Qd4 Rgg5 110. Kh3 Kg6 111. Qd3+ Ref5 112. Qd6+ Rf6 113. Qd3+ Kg7 114. Qd4 Rgf5
115. Kg2 Kg6 116. Qd3 Kh7 117. Kg3 Rg6+ 118. Kh4 Rf4+ 119. Kh3 h5 120. Qd5 Rfg4
121. Qxh5+ Kg7 122. Qxg4 Rxg4 123. Kxg4 Kg6 124. Kh3 Kh5 125. Kg3 Kg5 126. Kf3
Kf5 127. Kg3 Ke4 128. Kg4 f5+ 129. Kg3 Ke3 130. Kh4 f4 131. Kg4 f3 0-1

[Event "Chessable Masters Play-In"]
[Site "chess.com INT"]
[Date "2023.03.13"]
[Round "8"]
[White "Predke, A."]
[Black "Hambleton, Aman"]
[Result "1-0"]
[WhiteElo "2684"]
[BlackElo "2420"]
[PlyCount "59"]
[EventDate "2023.03.13"]
[EventType "swiss (rapid)"]
[EventRounds "9"]
[EventCountry "NET"]
[Source "Mark Crowther"]
[SourceDate "2023.03.13"]

1. Nf3 d5 2. d3 Nc6 3. Bf4 f6 4. d4 Bf5 5. e3 g5 6. Bg3 e6 7. c3 h5 8. h4 g4 9.
Ng1 Bd6 10. Bb5 Nge7 11. Nd2 Bxg3 12. fxg3 Qd6 13. Ne2 O-O-O 14. O-O e5 15. Kh2
Bg6 16. Qe1 a6 17. Bxc6 Qxc6 18. Qf2 Rd6 19. a4 Bd3 20. Rfc1 Re6 21. b4 Bxe2
22. Qxe2 exd4 23. cxd4 Qd6 24. b5 Nf5 25. Qf2 Nxe3 26. Nb3 Nc4 27. Nc5 Re7 28.
bxa6 b6 29. a7 Qc6 30. Qxf6 1-0

[Event "Titled Tuesday 2023.02.28 Early"]
[Site "chess.com INT"]
[Date "2023.02.28"]
[Round "7"]
[White "Hambleton, Aman"]
[Black "Roebers, Eline"]
[Result "1-0"]
[WhiteElo "2420"]
[BlackElo "2360"]
[PlyCount "73"]
[EventDate "2023.02.28"]
[EventType "swiss (blitz)"]
[EventRounds "11"]
[EventCountry "NET"]
[Source "Mark Crowther"]
[SourceDate "2023.03.06"]

1. d4 f5 2. c4 Nf6 3. h4 d6 4. Nf3 g6 5. Bg5 Bg7 6. Nc3 Nbd7 7. Qc2 c6 8. e3 e5
9. h5 e4 10. Nh4 Kf7 11. Be2 Qe8 12. O-O-O Rg8 13. hxg6+ hxg6 14. d5 c5 15. Nb5
Qe7 16. Nc7 Rb8 17. Nxf5 Qe5 18. Nxg7 Qxg5 19. Nge6 Qf5 20. g4 Nxg4 21. Rh7+
Kf6 22. Bxg4 Qxg4 23. Rdh1 Ne5 24. Qc3 Qe2 25. Nb5 Qxc4 26. Nxd6 Qxc3+ 27. bxc3
Nd3+ 28. Kd2 Bxe6 29. Nxe4+ Ke5 30. dxe6 Kxe4 31. R1h4+ Ke5 32. Kxd3 Kxe6 33.
Re4+ Kf6 34. Ree7 b5 35. f4 Rbd8+ 36. Ke4 Rge8 37. Rhf7# 1-0

[Event "Titled Tuesday 2023.02.21 Late"]
[Site "chess.com INT"]
[Date "2023.02.21"]
[Round "8"]
[White "Mousavi, Se"]
[Black "Hambleton, Aman"]
[Result "1-0"]
[WhiteElo "2540"]
[BlackElo "2420"]
[PlyCount "49"]
[EventDate "2023.02.21"]
[EventType "swiss (blitz)"]
[EventRounds "11"]
[EventCountry "NET"]
[Source "Mark Crowther"]
[SourceDate "2023.02.27"]

1. e4 e6 2. d4 d5 3. Nc3 Bb4 4. exd5 exd5 5. Bd3 Nc6 6. Nge2 Nge7 7. O-O Bf5 8.
Ng3 Bxd3 9. Qxd3 Bxc3 10. Qxc3 Qd6 11. Qd3 Qg6 12. Qd2 h5 13. h3 O-O-O 14. b4
Nf5 15. Nxf5 Qxf5 16. b5 Ne7 17. a4 Ng6 18. Ra3 Rde8 19. a5 Re6 20. b6 cxb6 21.
axb6 a6 22. Rxa6 bxa6 23. Qc3+ Kd8 24. Qc7+ Ke8 25. b7 1-0

[Event "Titled Tuesday 2023.01.24 Late"]
[Site "chess.com INT"]
[Date "2023.01.24"]
[Round "1"]
[White "Mione, D."]
[Black "Hambleton, Aman"]
[Result "0-1"]
[WhiteElo "2228"]
[BlackElo "2420"]
[PlyCount "128"]
[EventDate "2023.01.24"]
[EventType "swiss (blitz)"]
[EventRounds "11"]
[EventCountry "NET"]
[Source "Mark Crowther"]
[SourceDate "2023.01.30"]

1. e4 c5 2. d4 cxd4 3. c3 d3 4. Bxd3 g6 5. c4 Nc6 6. Nc3 d6 7. b3 Bg7 8. Bb2
Nf6 9. Nge2 O-O 10. Qd2 a6 11. O-O e6 12. Rfd1 Qc7 13. Rac1 Ne5 14. Bb1 Ne8 15.
h3 b6 16. Ng3 Bb7 17. Nce2 f6 18. Nd4 Qe7 19. f4 Bh6 20. Qf2 Nf7 21. Rc2 Nc7
22. f5 Ne5 23. Bc1 Bxc1 24. Rcxc1 Rab8 25. fxe6 Nxe6 26. Nxe6 Qxe6 27. Qd2 Rfd8
28. Kh2 Bc6 29. Rf1 Kg7 30. Qf4 b5 31. c5 dxc5 32. Rxc5 Rbc8 33. Rcc1 Bb7 34.
Rxc8 Rxc8 35. Rc1 Rxc1 36. Qxc1 Qc6 37. Qxc6 Bxc6 38. Kg1 b4 39. Kf2 Kf7 40.
Ne2 Bb5 41. Nf4 Ke7 42. Ke3 a5 43. Nd5+ Ke6 44. Nc7+ Kd6 45. Nxb5+ Kc5 46. Nd4
Kd6 47. Nb5+ Kc5 48. Nd4 Kd6 49. Bd3 h5 50. g3 Nd7 51. Nb5+ Kc5 52. Bc4 Ne5 53.
Be2 Nc6 54. Nc7 Kd6 55. Nb5+ Kc5 56. Bd3 Ne5 57. Nc7 Kd6 58. Ne8+ Ke7 59. Nc7
Kd6 60. Na6 Kc6 61. Nb8+ Kc7 62. Na6+ Kb6 63. Nb8 Kc7 64. Na6+ Kc6 0-1

[Event "Titled Tuesday 2023.01.24 Late"]
[Site "chess.com INT"]
[Date "2023.01.24"]
[Round "2"]
[White "Hambleton, Aman"]
[Black "Carlsen, M."]
[Result "0-1"]
[WhiteElo "2420"]
[BlackElo "2859"]
[PlyCount "72"]
[EventDate "2023.01.24"]
[EventType "swiss (blitz)"]
[EventRounds "11"]
[EventCountry "NET"]
[Source "Mark Crowther"]
[SourceDate "2023.01.30"]

1. d4 d5 2. Bf4 h5 3. Nf3 Bg4 4. Ne5 Nd7 5. Nxg4 hxg4 6. e3 f5 7. c4 e6 8. cxd5
exd5 9. Qc2 Bb4+ 10. Nc3 Ne7 11. a3 Bxc3+ 12. Qxc3 c6 13. Bd3 Nf6 14. Qc2 Qd7
15. Be5 Rh5 16. O-O-O O-O-O 17. Qa4 a6 18. Kb1 Ng6 19. Rc1 Nxe5 20. dxe5 Ne4
21. Bxa6 Kb8 22. f3 gxf3 23. gxf3 Nd2+ 24. Ka2 Nxf3 25. Qf4 Nd2 26. Bd3 Qe6 27.
Rhg1 d4+ 28. Ka1 Nb3+ 29. Kb1 Nxc1 30. Rxc1 dxe3 31. Bc4 g5 32. Qf3 Qg6 33. e6
f4+ 34. Ka2 Rxh2 35. Bb3 Qf6 36. Qf1 Qxb2# 0-1

[Event "Titled Tuesday 2023.01.24 Late"]
[Site "chess.com INT"]
[Date "2023.01.24"]
[Round "3"]
[White "Shuvalov, E."]
[Black "Hambleton, Aman"]
[Result "1-0"]
[WhiteElo "2149"]
[BlackElo "2420"]
[PlyCount "121"]
[EventDate "2023.01.24"]
[EventType "swiss (blitz)"]
[EventRounds "11"]
[EventCountry "NET"]
[Source "Mark Crowther"]
[SourceDate "2023.01.30"]

1. d4 Nf6 2. c4 e6 3. Nc3 Bb4 4. a3 Bxc3+ 5. bxc3 d6 6. Bg5 h6 7. Bh4 Nbd7 8.
f3 e5 9. e4 Qe7 10. Bd3 Nf8 11. Ne2 Ng6 12. Bf2 O-O 13. O-O Bd7 14. Rb1 b6 15.
c5 dxc5 16. dxc5 Rfd8 17. Qc2 Be6 18. Ba6 Nd7 19. c6 Nc5 20. Bb7 Rab8 21. c4
Nxb7 22. cxb7 Rxb7 23. c5 Rbb8 24. Rfc1 f6 25. Qa4 Ra8 26. Nc3 Qe8 27. Qa6 Bc8
28. Qc4+ Be6 29. Qa6 Qf7 30. Nd5 Kh7 31. cxb6 cxb6 32. Rc7 Rd7 33. Rbc1 Bxd5
34. Rxd7 Qxd7 35. exd5 Qxd5 36. h3 Nf8 37. Rc7 Ne6 38. Re7 Qd1+ 39. Kh2 Qd6 40.
Qb7 Rb8 41. Qxa7 e4+ 42. Bg3 Ra8 43. Bxd6 Rxa7 44. Rxa7 e3 45. Re7 Nd4 46. Rxe3
Nf5 47. Rd3 h5 48. Bf4 h4 49. g3 hxg3+ 50. Bxg3 Nh6 51. Bf2 b5 52. Rb3 Nf7 53.
Rxb5 Nd6 54. Rb3 Nc4 55. a4 Na5 56. Rb5 Nc6 57. a5 Kg6 58. a6 Ne7 59. Rb7 Nc6
60. a7 Nxa7 61. Rxa7 1-0

[Event "Titled Tuesday 2023.01.24 Late"]
[Site "chess.com INT"]
[Date "2023.01.24"]
[Round "4"]
[White "Hambleton, Aman"]
[Black "Paterek, M."]
[Result "1-0"]
[WhiteElo "2420"]
[BlackElo "2307"]
[PlyCount "29"]
[EventDate "2023.01.24"]
[EventType "swiss (blitz)"]
[EventRounds "11"]
[EventCountry "NET"]
[Source "Mark Crowther"]
[SourceDate "2023.01.30"]

1. d4 c6 2. c4 d5 3. e3 Nf6 4. Nf3 a6 5. Nc3 Bf5 6. Bd3 Bg6 7. Bxg6 hxg6 8. Qd3
e6 9. O-O Nbd7 10. e4 dxe4 11. Nxe4 Nc5 12. Nxc5 Bxc5 13. Qb3 Bxd4 14. Qxb7 Rc8
15. Nxd4 1-0

[Event "Titled Tuesday 2023.01.24 Late"]
[Site "chess.com INT"]
[Date "2023.01.24"]
[Round "5"]
[White "Hambleton, Aman"]
[Black "Martinez Reyes, P."]
[Result "0-1"]
[WhiteElo "2420"]
[BlackElo "2389"]
[PlyCount "76"]
[EventDate "2023.01.24"]
[EventType "swiss (blitz)"]
[EventRounds "11"]
[EventCountry "NET"]
[Source "Mark Crowther"]
[SourceDate "2023.01.30"]

1. d4 Nf6 2. g4 Nxg4 3. e4 d5 4. f3 Nf6 5. Nc3 e6 6. Bg5 Be7 7. Bd3 Nc6 8. Nge2
Nb4 9. Bb5+ c6 10. Ba4 a5 11. a3 Na6 12. Rg1 Nh5 13. Qd2 b5 14. Bb3 h6 15. Bxe7
Qxe7 16. O-O-O a4 17. Ba2 b4 18. axb4 Nxb4 19. Nf4 Nxf4 20. Qxf4 a3 21. Bb3
axb2+ 22. Kd2 Qa7 23. exd5 Nxd5 24. Nxd5 cxd5 25. Rxg7 Rf8 26. Qxh6 Qa1 27.
Rgg1 b1=Q 28. Rxb1 Qxd4+ 29. Ke2 Ba6+ 30. c4 Bxc4+ 31. Bxc4 Qxc4+ 32. Kf2 Ra2+
33. Kg3 Qc7+ 34. f4 Qc3+ 35. Kh4 Rxh2+ 36. Kg4 Rg8+ 37. Qg5 Rxg5+ 38. Kxg5 Qg7#
0-1

[Event "Titled Tuesday 2023.01.24 Late"]
[Site "chess.com INT"]
[Date "2023.01.24"]
[Round "6"]
[White "Mieles Palau, D."]
[Black "Hambleton, Aman"]
[Result "1-0"]
[WhiteElo "2369"]
[BlackElo "2420"]
[PlyCount "99"]
[EventDate "2023.01.24"]
[EventType "swiss (blitz)"]
[EventRounds "11"]
[EventCountry "NET"]
[Source "Mark Crowther"]
[SourceDate "2023.01.30"]

1. b3 e5 2. Bb2 Nc6 3. e3 d6 4. Bb5 g6 5. d4 Bg7 6. dxe5 Nge7 7. Nf3 a6 8.
Bxc6+ Nxc6 9. O-O Nxe5 10. Nxe5 Bxe5 11. Bxe5 dxe5 12. Qf3 O-O 13. Nc3 Qh4 14.
h3 c6 15. Rad1 Kg7 16. Ne4 Bf5 17. Nc5 Qe7 18. Ne4 Qh4 19. Nd6 Bxc2 20. Rd2 e4
21. Qg3 Qxg3 22. fxg3 Bd3 23. Rf4 g5 24. Rf5 Kg6 25. Rdf2 f6 26. Nxb7 a5 27.
Nc5 Rf7 28. g4 Re8 29. Kh2 Rd8 30. Ne6 Re8 31. Nxg5 Rff8 32. h4 Kg7 33. Nh3 a4
34. bxa4 Rc8 35. Nf4 c5 36. Ne6+ Kh8 37. Nxf8 Rxf8 38. Rxc5 Rg8 39. Rxf6 Rxg4
40. Rf7 Rg8 41. Rh5 Rg7 42. Rxg7 Kxg7 43. a5 Kg6 44. Rg5+ Kh6 45. Re5 Kg6 46.
a6 Bxa6 47. Re6+ Kh5 48. Rxa6 Kg4 49. a4 h5 50. Rb6 1-0

[Event "Titled Tuesday 2023.01.24 Late"]
[Site "chess.com INT"]
[Date "2023.01.24"]
[Round "7"]
[White "Hambleton, Aman"]
[Black "Rottenwohrer Suarez, Juan"]
[Result "1-0"]
[WhiteElo "2420"]
[BlackElo "2321"]
[PlyCount "77"]
[EventDate "2023.01.24"]
[EventType "swiss (blitz)"]
[EventRounds "11"]
[EventCountry "NET"]
[Source "Mark Crowther"]
[SourceDate "2023.01.30"]

1. d4 Nf6 2. g3 d5 3. Bg2 Bf5 4. Nf3 e6 5. O-O c5 6. c4 Nc6 7. cxd5 Nxd5 8. Nc3
Nxc3 9. bxc3 cxd4 10. cxd4 Be4 11. Bg5 Be7 12. Bxe7 Qxe7 13. e3 O-O 14. Qa4 h6
15. Rfc1 Rfd8 16. Rc3 a6 17. Rac1 b5 18. Qd1 Rac8 19. Nd2 Bxg2 20. Kxg2 Na7 21.
Ne4 Rxc3 22. Rxc3 Rc8 23. Rxc8+ Nxc8 24. Nc5 Qd6 25. Qf3 Nb6 26. Qb7 a5 27. Qa6
Qc6+ 28. Kg1 a4 29. a3 g6 30. h4 Kg7 31. Kh2 h5 32. Kg1 Kg8 33. Nd3 Kg7 34. Ne5
Qc1+ 35. Kg2 Nc4 36. Qxb5 Nd2 37. Qe2 Ne4 38. Qf3 Nf6 39. Qb7 1-0

[Event "Titled Tuesday 2023.01.24 Late"]
[Site "chess.com INT"]
[Date "2023.01.24"]
[Round "8"]
[White "Khandelwal, A."]
[Black "Hambleton, Aman"]
[Result "1-0"]
[WhiteElo "2228"]
[BlackElo "2420"]
[PlyCount "97"]
[EventDate "2023.01.24"]
[EventType "swiss (blitz)"]
[EventRounds "11"]
[EventCountry "NET"]
[Source "Mark Crowther"]
[SourceDate "2023.01.30"]

1. e4 b6 2. d4 Bb7 3. Nc3 e6 4. Bd3 Nf6 5. Nge2 d5 6. e5 Ng8 7. Nb1 Ba6 8. Bxa6
Nxa6 9. O-O Qd7 10. a4 Ne7 11. f4 h5 12. c3 c5 13. a5 b5 14. dxc5 Nxc5 15. a6
Nf5 16. Nd4 Nxd4 17. cxd4 Ne4 18. Nc3 Nxc3 19. bxc3 g6 20. Qb3 Rb8 21. Ra5 Be7
22. Ba3 Bxa3 23. Qxa3 Rb6 24. Rb1 Qc6 25. Qc5 Kd7 26. Rbxb5 Rhb8 27. Rxb6 axb6
28. Qxc6+ Kxc6 29. Ra1 Ra8 30. Kf2 b5 31. Kg3 Kb6 32. Kh4 Rxa6 33. Rxa6+ Kxa6
34. Kg5 Ka5 35. Kf6 Ka4 36. Kxf7 Kb3 37. Kxe6 Kxc3 38. Kxd5 b4 39. e6 b3 40. e7
b2 41. e8=Q b1=Q 42. Qc6+ Kd2 43. Kd6 Ke3 44. d5 Qf5 45. Kc7 Qxf4+ 46. d6 Qe5
47. Kd8 Qf6+ 48. Kc8 Qf8+ 49. Kc7 1-0

[Event "Titled Tuesday 2023.01.24 Late"]
[Site "chess.com INT"]
[Date "2023.01.24"]
[Round "9"]
[White "Figorito, Nick"]
[Black "Hambleton, Aman"]
[Result "0-1"]
[WhiteElo "2036"]
[BlackElo "2420"]
[PlyCount "108"]
[EventDate "2023.01.24"]
[EventType "swiss (blitz)"]
[EventRounds "11"]
[EventCountry "NET"]
[Source "Mark Crowther"]
[SourceDate "2023.01.30"]

1. Nf3 Nf6 2. g3 d5 3. Bg2 c6 4. O-O Bf5 5. d4 e6 6. Nbd2 Nbd7 7. b3 Bd6 8. Bb2
O-O 9. Ne5 Qc7 10. Nxd7 Qxd7 11. Nf3 Rfe8 12. a3 Qe7 13. b4 a5 14. c3 Be4 15.
Bc1 Nd7 16. Bf4 e5 17. Nxe5 Nxe5 18. dxe5 Bxe5 19. Bxe5 Qxe5 20. Bxe4 Qxe4 21.
Qd3 Qxe2 22. Qd4 axb4 23. axb4 h6 24. Qb6 Qe7 25. b5 Qd7 26. bxc6 Qxc6 27. Qb3
Rac8 28. Ra7 Re7 29. Rd1 Qxc3 30. Qxd5 Qc5 31. Qa2 Qb4 32. Rb1 Re1+ 33. Rxe1
Qxe1+ 34. Kg2 Qe4+ 35. Kh3 Qf5+ 36. Kg2 Rc2 37. Ra8+ Kh7 38. Qa7 Qd5+ 39. Kh3
Qf5+ 40. Kg2 Qe4+ 41. Kh3 Re2 42. Rb8 Qe6+ 43. Kg2 Qd5+ 44. Kh3 Re5 45. f3 Qxf3
46. Qd4 Rh5+ 47. Qh4 Rxh4+ 48. Kxh4 Qf6+ 49. Kh3 Qe6+ 50. Kg2 Qe2+ 51. Kh3 Qe4
52. g4 Qf3+ 53. Kh4 g5+ 54. Kh5 Qh3# 0-1

[Event "Titled Tuesday 2023.01.24 Late"]
[Site "chess.com INT"]
[Date "2023.01.24"]
[Round "10"]
[White "Hambleton, Aman"]
[Black "Mujumdar, Sameer"]
[Result "1-0"]
[WhiteElo "2420"]
[BlackElo "1992"]
[PlyCount "63"]
[EventDate "2023.01.24"]
[EventType "swiss (blitz)"]
[EventRounds "11"]
[EventCountry "NET"]
[Source "Mark Crowther"]
[SourceDate "2023.01.30"]

1. d4 Nf6 2. c4 g6 3. Nc3 Bg7 4. e4 d6 5. f3 O-O 6. Be3 c5 7. dxc5 dxc5 8. Qxd8
Rxd8 9. Bxc5 Nc6 10. Nd5 Nd7 11. Bxe7 Nxe7 12. Nxe7+ Kf8 13. Nd5 Bxb2 14. Rb1
Bg7 15. Nh3 Nc5 16. g4 f5 17. exf5 gxf5 18. g5 b6 19. Nhf4 Be5 20. Be2 Bb7 21.
Kf2 Kf7 22. Rhd1 Ne6 23. Nxe6 Kxe6 24. f4 Bd6 25. Kg3 h6 26. h4 hxg5 27. hxg5
Bc5 28. Nc7+ Ke7 29. Nxa8 Rxa8 30. Bf3 Bxf3 31. Kxf3 Rh8 32. Rh1 1-0

[Event "Titled Tuesday 2023.01.24 Late"]
[Site "chess.com INT"]
[Date "2023.01.24"]
[Round "11"]
[White "Seletsky, G."]
[Black "Hambleton, Aman"]
[Result "0-1"]
[WhiteElo "2281"]
[BlackElo "2420"]
[PlyCount "162"]
[EventDate "2023.01.24"]
[EventType "swiss (blitz)"]
[EventRounds "11"]
[EventCountry "NET"]
[Source "Mark Crowther"]
[SourceDate "2023.01.30"]

1. e4 b6 2. d4 Bb7 3. f3 e6 4. Be3 d5 5. e5 Ba6 6. Bxa6 Nxa6 7. c3 Qd7 8. f4
Ne7 9. Ne2 h5 10. Nd2 c5 11. O-O Nf5 12. Bf2 Nc7 13. Nf3 Be7 14. g3 c4 15. h3
O-O-O 16. Kg2 Kb7 17. g4 hxg4 18. hxg4 Nh6 19. Kg3 f5 20. g5 Ng4 21. Rh1 Qe8
22. Kg2 b5 23. Qc2 Qc6 24. Rxh8 Rxh8 25. Ng3 a5 26. Rh1 Rxh1 27. Nxh1 b4 28.
Nh2 Nxh2 29. Kxh2 Qb5 30. Be3 b3 31. Qb1 bxa2 32. Qxa2 a4 33. Bc1 Qb3 34. Qxb3+
cxb3 35. Ng3 Na8 36. Nf1 Nb6 37. Ne3 Kc6 38. Kg2 Kb5 39. Kf3 Nc4 40. Ke2 a3 41.
bxa3 b2 42. Bxb2 Nxb2 43. a4+ Nxa4 44. Ng2 Nxc3+ 45. Kd3 Kb4 46. Nh4 Nb5 47.
Ng6 Bd8 48. Nf8 Nc7 49. Nd7 Be7 50. Nb6 Kb5 51. Nc8 Bf8 52. Nd6+ Kc6 53. Nf7
Kd7 54. Nh8 Be7 55. Ng6 Nb5 56. Nh4 Ke8 57. Nf3 Bd8 58. g6 Bb6 59. Ng5 Ke7 60.
Nf7 Bxd4 61. Nd6 Nxd6 62. exd6+ Kxd6 63. Kxd4 e5+ 64. fxe5+ Ke6 65. Kc5 Kxe5
66. Kc6 f4 67. Kd7 Kf6 68. Kd6 Kxg6 69. Kxd5 f3 70. Ke4 f2 71. Kf3 f1=Q+ 72.
Kg4 Qf5+ 73. Kg3 Kf6 74. Kh4 Qg6 75. Kh3 Qg5 76. Kh2 Qg4 77. Kh1 Kf5 78. Kh2
Kf4 79. Kh1 Kf3 80. Kh2 Qh5+ 81. Kg1 g5 0-1

[Event "Titled Tuesday 2023.01.17 Early"]
[Site "chess.com INT"]
[Date "2023.01.17"]
[Round "9"]
[White "Hambleton, Aman"]
[Black "Limon Olmos, Ivan Alonso"]
[Result "1-0"]
[WhiteElo "2420"]
[BlackElo "2140"]
[PlyCount "95"]
[EventDate "2023.01.17"]
[EventType "swiss (blitz)"]
[EventRounds "11"]
[EventCountry "NET"]
[Source "Mark Crowther"]
[SourceDate "2023.01.23"]

1. d4 d5 2. Bf4 c5 3. e3 Nc6 4. c3 Nf6 5. Nd2 Qb6 6. Qb3 c4 7. Qc2 g6 8. e4
Nxe4 9. Nxe4 dxe4 10. Bxc4 Bg7 11. Ne2 O-O 12. Be3 Qc7 13. Bb3 Na5 14. Bd5 Rd8
15. Bxe4 Nc4 16. Bg5 f6 17. Bh4 e5 18. O-O Be6 19. dxe5 Rd2 20. Qc1 Rxe2 21.
Bd3 Rxe5 22. Bg3 Qc5 23. Bxe5 Nxe5 24. Be4 Bd5 25. Bxd5+ Qxd5 26. Rd1 Qc6 27.
Qc2 Re8 28. Re1 Nc4 29. Rxe8+ Qxe8 30. Qb3 Qf7 31. Rd1 Ne5 32. Rd8+ Bf8 33. Rb8
Qxb3 34. axb3 b6 35. Rb7 Nc6 36. Rc7 Na5 37. b4 Nb3 38. Rxa7 Nd2 39. Rc7 Bd6
40. Rc6 Be5 41. Rxb6 Nc4 42. Rc6 Nxb2 43. b5 Na4 44. b6 Nxc3 45. b7 Ne2+ 46.
Kf1 Nd4 47. Rc5 Nb3 48. Rxe5 1-0

[Event "Titled Tuesday 2023.01.10 Early"]
[Site "chess.com INT"]
[Date "2023.01.10"]
[Round "5"]
[White "Hambleton, Aman"]
[Black "Nguyen Hong Nhung"]
[Result "1-0"]
[WhiteElo "2420"]
[BlackElo "2003"]
[PlyCount "111"]
[EventDate "2023.01.10"]
[EventType "swiss (blitz)"]
[EventRounds "11"]
[EventCountry "NET"]
[Source "Mark Crowther"]
[SourceDate "2023.01.16"]

1. d4 Nf6 2. c4 c5 3. d5 b5 4. cxb5 a6 5. bxa6 g6 6. Nc3 Bg7 7. e4 O-O 8. Bd3
Qa5 9. Nge2 c4 10. Bc2 Nxa6 11. O-O Nb4 12. Be3 Nxc2 13. Qxc2 d6 14. h3 Nd7 15.
Bd4 Bb7 16. Bxg7 Kxg7 17. Qd2 Rfc8 18. Kh2 Kg8 19. Rad1 Nc5 20. Qh6 Nd3 21. Rd2
Qb6 22. Nf4 Nc5 23. h4 Na4 24. h5 Nxc3 25. hxg6 fxg6 26. Ne6 Kf7 27. bxc3 Ke8
28. Qxh7 Kd7 29. Qxg6 Rh8+ 30. Kg1 Rag8 31. Qf5 Ke8 32. Re1 Bc8 33. Rde2 Qa5
34. Re3 Qxa2 35. Qf4 Bxe6 36. dxe6 Qa5 37. e5 Qd5 38. Rf3 dxe5 39. Qf7+ Kd8 40.
g3 Rf8 41. Qxf8+ Rxf8 42. Rxf8+ Kc7 43. Rf5 Qd2 44. Re3 Qc1+ 45. Kg2 Kd6 46.
Rfxe5 Qa3 47. R5e4 Qa6 48. Rd4+ Kc7 49. Ree4 Qc6 50. Rxc4 Kd6 51. Rxc6+ Kxc6
52. Rd4 Kc5 53. Rd1 Kc6 54. f4 Kc7 55. f5 Kc6 56. g4 1-0

[Event "Wch-Blitz"]
[Site "Almaty KAZ"]
[Date "2022.12.29"]
[Round "1"]
[White "Vachier Lagrave, Maxime"]
[Black "Hambleton, Aman"]
[Result "1-0"]
[WhiteElo "2771"]
[BlackElo "2538"]
[PlyCount "97"]
[EventDate "2022.12.29"]
[EventType "swiss (blitz)"]
[EventRounds "21"]
[EventCountry "KAZ"]
[Source "ChessMix"]
[SourceDate "2023.01.01"]

1. d4 Nf6 2. c4 e6 3. Nc3 Bb4 4. e3 O-O 5. Bd2 d5 6. Nf3 Re8 7. Rc1 Nbd7 8. Qb3
Bxc3 9. Bxc3 c6 10. Bd3 Ne4 11. O-O f5 12. Qc2 b6 13. b4 Bb7 14. c5 Nxc3 15.
Qxc3 a5 16. cxb6 Qxb6 17. Rb1 a4 18. Rfc1 Rec8 19. a3 Ba6 20. h3 h6 21. Qc2 Qb7
22. Bxa6 Qxa6 23. Ne1 Nb6 24. Nd3 Qb7 25. Ne5 Nd7 26. Nxc6 Kh7 27. b5 Nb6 28.
g4 Qf7 29. gxf5 exf5 30. Kh2 Nc4 31. Qd3 Qe6 32. Rg1 Rf8 33. Rg3 Qd6 34. Rbg1
Rf7 35. Ra1 Kh8 36. f4 Re8 37. Ne5 Rb7 38. Qc3 Rc8 39. Qd3 Qf6 40. Rag1 Nd6 41.
Rg6 Qf8 42. Rxh6+ gxh6 43. Ng6+ Kh7 44. Nxf8+ Rxf8 45. Rb1 Rfb8 46. Qc2 Rb6 47.
Qc7+ Kh8 48. Rg1 Ne8 49. Qf7 1-0